00000000nam 2200000zi 4500
0019.945567
003CaOODSP
00520241126104302
006m     o  d f      
007cr |n|||||||||
008241126s1973    onc     ob   f000 0 eng d
040 |aCaOODSP|beng|erda|cCaOODSP
043 |an-cn---
0861 |aIC24-3/1973E-PDF|zIC24-3/1973
24500|aFederal government publications selected for high school libraries.
264 1|aOttawa : |bInformation Canada, |c1973.
300 |a1 online resource (1 volume (various pagings))
336 |atext|btxt|2rdacontent
337 |acomputer|bc|2rdamedia
338 |aonline resource|bcr|2rdacarrier
500 |aIssued also in French under title: Choix de publications du gouvernement fédéral pour les bibliothèques des écoles secondaires.
500 |aDigitized edition from print [produced by Government of Canada Publications Directorate].
650 0|aGovernment publications|zCanada|xBibliography.
655 7|aBibliographies|2lcgft
7101 |aCanada.|bInformation Canada, |eissuing body.
77508|tChoix de publications du gouvernement fédéral pour les bibliothèques des écoles secondaires.|w(CaOODSP)9.945570
85640|qPDF|s46.3 MB|uhttps://publications.gc.ca/collections/collection_2024/spac-pspc/IC24-3-1973-eng.pdf